000 00778cab a22002415a 4500
001 L159948
008 150113e2017 xxk 000 0 eng d
035 _a(Sirsi) u159948
041 0 _aeng
050 _a690.2 $2 18
100 1 _aGoodard, John
245 0 0 _aMaking good in Australia
_h[electronic resource]
260 _aLondon
_bRICS
_c2017
490 _aRICS Building Surveying Journal
_vMarch - April 2017, 20-21(2)
520 _aReflects on life as a British building surveyor in Australia.
650 2 4 _aABOUT RICS-RICS MEMBERS
650 2 4 _aCAREER
651 4 _aAustralia
690 _aBuilding surveying
_96225
856 4 0 _uhttps://issuu.com/ricsmodus/docs/building_surveying_journal_march_ap
_yAvailable free online via Issuu
856 4 0 _u
_z
942 _n0
999 _c85072
_d85072